| 000 | 00894nas a2200289 4500 | ||
|---|---|---|---|
| 001 | BR0405636 | ||
| 003 | BR-BrBNA | ||
| 005 | 20231205105009.0 | ||
| 007 | ta | ||
| 008 | 230509b bl.|||p| |||| 00| 00por d | ||
| 040 |
_aBR-BrBNA _bpor _cBiblioteca Nacional de Agricultura |
||
| 041 | _a(En) | ||
| 072 | _aF30 | ||
| 100 | 1 | _aCosta, M.A.P. de C. | |
| 100 | 1 | _aAlmeida, W.A.B. de | |
| 100 | 1 | _aMourão Filho, F. de A.A. | |
| 100 | 1 | _aMendes, B.M.J. | |
| 100 | 1 | _aRodriguez, A.P.M. | |
| 245 | 1 | _aStomatal analysis of citrus somatic hybrids obtained by protoplast fusion | |
| 650 | _aFRUTA CÍTRICA | ||
| 650 | _aHÍBRIDO | ||
| 650 | _aPROTOPLASTO | ||
| 650 | _aCARACTERÍSTICAS AGRONÔMICAS | ||
| 773 | 0 |
_tPesquisa Agropecuária Brasileira (Brazil) _xISSN 0100-204X _g(Mar 2004), v. 39(3) p. 297-300 _wBR0405636 |
|
| 909 |
_a202311 _bLúcia _c55 _dLúcia Elande |
||
| 942 |
_2AGRIS _n0 _cANA |
||
| 999 |
_c180690 _d180690 |
||